Statistiche per Comuni della provincia di Prato

Clicka qui per fare il quiz!

Statistiche generali

  • Questo quiz è stato fatto 5 volte
  • Il punteggio medio è 6 su 7

Statistiche sulle risposte

HintRisposta% Corretto
NoPoggio a Caiano
100%
NoPrato
100%
NoVaiano
100%
NoCantagallo
75%
NoMontemurlo
75%
NoVernio
75%
NoCarmignano
50%

Distribuzione punteggi

Percentile per numero di risposta

Percentuale di utenti per punteggio

I tuoi punteggi nel tempo

Non hai fatto questo quiz